| 000 | 00689nam a2200205 4500 | ||
|---|---|---|---|
| 001 | 123777 | ||
| 003 | ES-MaACL | ||
| 005 | 20230906192233.0 | ||
| 007 | t| | ||
| 008 | 070214s1914 ag r ||||1| spa d | ||
| 100 | 1 |
_aRamacharaka _cYogi. _995061 |
|
| 245 | 1 | 0 |
_aHatha yoga _b: o Filosofía yogi del bienestar físico / _cpor Yogi Ramacharaka ; traducción del inglés por M. López Villamil y Ricardo Vivié. |
| 250 | _a2ª ed. | ||
| 260 |
_aBuenos Aires : _bLa Facultad, _c1914. |
||
| 300 |
_aVIII, 281 p. ; _c20 cm. |
||
| 700 | 1 |
_aLópez Villamil, M. _974027 |
|
| 700 | 1 |
_aVivié, Ricardo. _9115602 |
|
| 740 | 0 | _aFilosofía yogi del bienestar físico. | |
| 852 |
_aES-MaACL _jD-795 |
||
| 999 |
_c123777 _d123777 |
||